Расчёт термоупругих напряжений в графитовом блоке реактора типа АДЭ; Физико-технические проблемы атомной энергетики и промышленности (производство, наука, образование)

Dades bibliogràfiques
Parent link:Физико-технические проблемы атомной энергетики и промышленности (производство, наука, образование).— 2004.— С. 51.
Autor principal: Сабденов К. О.
Altres autors: Кузнецов С. А.
Idioma:rus
Publicat: 2004
Matèries:
Format: MixedMaterials Capítol de llibre
KOHA link:https://koha.lib.tpu.ru/cgi-bin/koha/opac-detail.pl?biblionumber=102325

MARC

LEADER 00000naa2a2200000 4500
001 102325
005 20231031112946.0
035 |a (RuTPU)RU\TPU\book\110339 
090 |a 102325 
100 |a 20060922d2004 k y0rusy50 ca 
101 0 |a rus 
102 |a RU 
200 1 |a Расчёт термоупругих напряжений в графитовом блоке реактора типа АДЭ  |f К. О. Сабденов, С. А. Кузнецов 
463 0 |0 (RuTPU)RU\TPU\book\73188  |y 5-7262-0526-1  |t Физико-технические проблемы атомной энергетики и промышленности (производство, наука, образование)  |o Международная научно-практическая конференция, Томск, 7-9 июня 2004 г.  |o Сборник тезисов докладов  |f Госатомнадзор РФ и др.  |v С. 51.  |d 2004  |p 187 с. 
610 1 |a ядерные реакторы 
610 1 |a термоупругие напряжения 
610 1 |a графиторые блоки 
610 1 |a напряжения 
610 1 |a труды учёных ТПУ 
700 1 |a Сабденов  |b К. О. 
701 1 |a Кузнецов  |b С. А. 
801 1 |a RU  |b 63413507  |c 20060922  |g PSBO 
801 2 |a RU  |b 63413507  |c 20101130  |g PSBO 
942 |c BK